| 000 | 004610000a22001690004500 | ||
|---|---|---|---|
| 041 | 0 | _aENG | |
| 082 | 0 | 4 | _aG 266.3 H351m |
| 100 | 1 | _aHaskin, Dorothy C. (1905-) | |
| 245 | 1 | 0 | _aMedical missionaries you would like to know / Dorothy C. Haskin |
| 260 | _aGrand Rapids, MI., USA : Zondervan | ||
| 300 | _a89 Pag | ||
| 001 | 7651 | ||
| 942 | _cBK | ||
| 999 |
_c37857 _d37857 |
||
| 336 |
_atexto _btxt _2rdacontent |
||
| 337 |
_2rdamedia _asin mediación _bn |
||
| 338 |
_2rdacarrier _avolumen _bnc |
||